000 00332nam a2200145Ia 4500
999 _c14105
_d14105
003 OSt
005 20260327172943.0
008 260210s9999 xx 000 0 und d
020 _a9789881566348
082 _a747.85
100 _aMa
245 0 _aNeo-Classical Interior Decoration In Hotels
260 _bDMPL
942 _cBDES
_2ddc